Arte, historia e identidad en América: visiones comparativas
Αποθηκεύτηκε σε:
| Συγγραφή απο Οργανισμό/Αρχή: | |
|---|---|
| Άλλοι συγγραφείς: | , , , , |
| Μορφή: | Πρακτικό Συνεδρίου |
| Γλώσσα: | Spanish |
| Έκδοση: |
México :
Universidad Nacional Autónoma de México,
1994
|
| Έκδοση: | 1. edición |
| Σειρά: | (Estudios de arte y estétics ;
37) |
| Θέματα: | |
| Ετικέτες: |
Προσθήκη ετικέτας
Δεν υπάρχουν, Καταχωρήστε ετικέτα πρώτοι!
|
MARC
| LEADER | 000000000a22000000004500 | ||
|---|---|---|---|
| 001 | 002902 | ||
| 020 | |a 9683639968 | ||
| 041 | 0 | |a spa | |
| 082 | 0 | 4 | |a 700.09 |b A786a |
| 111 | 2 | |a Coloquio Internacional de Historia del Arte |n (17 : |d 1993 : |c Zacatecas, Zacatecas, México) | |
| 245 | 1 | 0 | |a Arte, historia e identidad en América: visiones comparativas |
| 250 | |a 1. edición | ||
| 260 | 1 | |a México : |b Universidad Nacional Autónoma de México, |c 1994 | |
| 300 | |a 3 volúmenes : |b ilustraciones | ||
| 490 | 1 | |a (Estudios de arte y estétics ; |v 37) | |
| 500 | |a La biblioteca contiene 2 ejemplares con número de inscripción: 11183 (v.1), 11184 (v.2), 11185 (v.3) | ||
| 500 | |a Colección George Yudice | ||
| 650 | 4 | |a ARTE EUROPEO | |
| 650 | 4 | |a ARTE LATINOAMERICANO | |
| 650 | 4 | |a IDENTIDAD (PSICOLOGIA) EN ARTE | |
| 100 | 1 | |a Curiel, Gustavo, |e editor | |
| 100 | 1 | |a Gónzalez Mello, Renato, |e editor | |
| 700 | 1 | |a Gutiérrez Haces, Juana, |e editor | |
| 700 | 1 | |a Universidad Nacional Autónoma de México. Instituto de Investigaciones Estétics | |
| 700 | 1 | |a Comité international d'histoire de l'art | |
| 999 | |c 9236 |d 9236 | ||
| 942 | |c BK |h 700.09 A786a |2 z | ||



